000 00707nam a2200217Ia 4500
003 GCL
008 140319s9999 xx 000 0 ara d
040 _aGCL /
_cGCL
082 0 4 _a350.152
_bم ا
100 1 _aمحمد عبدالقادر حاتم
245 1 0 _aالادارة فى اليابان كيف نستفيد منها /
_cمحمد عبدالقادر حاتم
260 _a[S.N] :
_bالهيئة المصرية العامة للكتاب ،
_c1990
300 _a146 ص
490 _a
650 0 4 _aادارة الاعمال
650 0 4 _aاليابان
650 0 4 _aالعلاقات الانسانية
650 0 4 _aادارة الافراد
650 0 4 _aالاجور
942 _2ddc
_cBK
999 _c30680
_d30680